000 00732nam a22002297a 4500
005 20170124110101.0
010 _aA-306141
020 _c00.00
_a533049806
035 _aA-306141
037 _bCen Lib/Ret
040 _aDPL
_bEN
082 _a960
_bRAJ
100 _aRaju, R.K.
_924543
245 _aWhy Africa? :
_cby R.K.Raju
_bfirst Indian journalist's impressions of the so-called dark continent /
260 _bVantage Press
_aNew York
_c1982
270 _a516 West 34th Street
_e10001
300 _a125p. :
_c20cm(Hb)
_bill.
500 _aIncludes bibliographical references
650 _aKenya -- Social life and customs
_927108
650 _aManners and customs
_927109
942 _2ddc
_cEN
_h960
_mRAJ
999 _c129677
_d129677